Mobilization Effects of Multilateral Development Banks /

We use loan-level data on syndicated lending to a large sample of developing countries between 1993 and 2017 to estimate the mobilization effects of multilateral development banks (MDBs), controlling for a large set of fixed effects. We find evidence of positive and significant direct and indirect m...

Cijeli opis

Bibliografski detalji
Glavni autor: Broccolini, Chiara
Daljnji autori: Lotti, Giulia, Maffioli, Alessandro, Presbitero, Andrea
Format: Žurnal
Jezik:English
Izdano: Washington, D.C. : International Monetary Fund, 2019.
Serija:IMF Working Papers; Working Paper ; No. 2019/028
Online pristup:Full text available on IMF
LEADER 02189cas a2200277 a 4500
001 AALejournalIMF019008
008 230101c9999 xx r poo 0 0eng d
020 |c 5.00 USD 
020 |z 9781484393864 
022 |a 1018-5941 
040 |a BD-DhAAL  |c BD-DhAAL 
100 1 |a Broccolini, Chiara. 
245 1 0 |a Mobilization Effects of Multilateral Development Banks /  |c Chiara Broccolini, Giulia Lotti, Alessandro Maffioli, Andrea Presbitero. 
264 1 |a Washington, D.C. :  |b International Monetary Fund,  |c 2019. 
300 |a 1 online resource (51 pages) 
490 1 |a IMF Working Papers 
500 |a <strong>Off-Campus Access:</strong> No User ID or Password Required 
500 |a <strong>On-Campus Access:</strong> No User ID or Password Required 
506 |a Electronic access restricted to authorized BRAC University faculty, staff and students 
520 3 |a We use loan-level data on syndicated lending to a large sample of developing countries between 1993 and 2017 to estimate the mobilization effects of multilateral development banks (MDBs), controlling for a large set of fixed effects. We find evidence of positive and significant direct and indirect mobilization effects of multilateral lending on the number of deals and on the total size of bank inflows. The number of lending banks and the average maturity of syndicated loans also increase after MDB lending. These effects are present not only on impact, but they last up to three years and are not offset by a decline in bond financing. There is no evidence of anticipation effects and the results are not driven by confounding factors, such as the presence of large global banks, Chinese lending and aid flows. Finally, the economic effects are sizable, suggesting that MBDs can play a vital role to mobilize private sector financing to achieve the goals of the 2030 Development Agenda. 
538 |a Mode of access: Internet 
700 1 |a Lotti, Giulia. 
700 1 |a Maffioli, Alessandro. 
700 1 |a Presbitero, Andrea. 
830 0 |a IMF Working Papers; Working Paper ;  |v No. 2019/028 
856 4 0 |z Full text available on IMF  |u http://elibrary.imf.org/view/journals/001/2019/028/001.2019.issue-028-en.xml  |z IMF e-Library